| 000 | 01566cam a22004094i 4500 | ||
|---|---|---|---|
| 003 | PE-LiUPU | ||
| 005 | 20250731172925.0 | ||
| 008 | 170508s1986 xxu r 000 0 spa d | ||
| 035 | _a(Sirsi) a203903 | ||
| 040 |
_aPE-LiUPU _bspa _cPE-LiUPU _erda |
||
| 049 | _aPRUA | ||
| 082 | 0 | 4 |
_a236.2 _bG76 |
| 100 | 1 |
_aGowan, Donald E., _eautor. |
|
| 245 |
_aEschatology in the old testament / _cDonald E. Gowan. |
||
| 264 |
_aEE.UU : _bFortress press, _c1986. |
||
| 300 |
_a150 páginas ; _c22 centímetros |
||
| 336 |
_text _2rdacontent |
||
| 337 |
_unmediated _2rdamedia |
||
| 338 |
_volume _2rdacarrier |
||
| 505 | 0 | _aAnew Approach to eschatology in the old testament -- Zion-the center of old testament eschatology -- Peace in Zion-the transformation of human society -- The people of Zion-the transformation of the human person -- Highest of all the hills-The transformation of nature -- Conclusion-Old testament eschatology and contemporary hope for the future. | |
| 526 | _aSEG42 | ||
| 526 | _aSEG41 | ||
| 526 | _aSEG40 | ||
| 526 | _aSEG39 | ||
| 526 | _aP94 | ||
| 526 | _aP87 | ||
| 526 | _aP86 | ||
| 526 | _aP85 | ||
| 526 | _aP77 | ||
| 526 | _aP76 | ||
| 526 | _aP35 | ||
| 650 | 0 | 4 |
_aEscatología. _95923 |
| 596 | _a1 | ||
| 942 |
_2ddc _cBOOK |
||
| 999 |
_a236.2 G76 _wDEWEY _c20282 _i75809 _d20282 _e2017-10-2 _f2021-11-10 _g4 _lCCODEBUL1 _mBUL _n1 _p29.50 _r0 _sY _tBOOK _u2017-5-8 _xTEOLOGIA _PP85 _0DONACION _o.STAFF. Colección Teología |
||
| 980 |
_81 _gALBERTO SANCHEZ Responsable de Automatización |
||